Tennis - Joueurs n°1 mondiaux - Mort Subite - Statistiques

Statistiques générales
  • Ce quiz a été pris 414 fois
  • Le résultat moyen est 11 sur 17
Answers on the Grid
Answers color-coded by a green-red scale on the quiz's grid according to % correct below.
Novak Djokovic
Alexander Zverev
Daniil Medvedev
Jannik Sinner
Carlos Alcaraz
Andy Murray
John McEnroe
Björn Borg
Stan Wawrinka
Casper Ruud
Nick Kyrgios
Roger Federer
Rafael Nadal
Taylor Fritz
Andy Roddick
Gustavo Kuerten
Marat Safin
Pete Sampras
Andre Agassi
Yannick Noah
Holger Rune
Grigor Dimitrov
David Ferrer
Juan Martin Del Potro
Juan Carlos Ferrero
Mats Wilander
Ivan Lendl
Stefanos Tsitsipas
 
Statistiques - réponses
Réponse % Correct
Novak Djokovic
98%
Carlos Alcaraz
85%
Jannik Sinner
81%
Rafael Nadal
80%
Roger Federer
78%
Björn Borg
71%
Andy Murray
68%
Andre Agassi
66%
Daniil Medvedev
66%
John McEnroe
65%
Pete Sampras
65%
Ivan Lendl
54%
Mats Wilander
52%
Andy Roddick
50%
Marat Safin
49%
Gustavo Kuerten
48%
Juan Carlos Ferrero
48%
Aucun quiz correspondant
Distribution des résultats
% des personnes avec chaque résultat
Percentile par nombre de réponses
Votre historique - résultats
Vous n’avez pas pris ce quiz